<?xml version="1.0" encoding="UTF-8"?>
<record
    xmlns:xsi="http://www.w3.org/2001/XMLSchema-instance"
    xsi:schemaLocation="http://www.loc.gov/MARC21/slim http://www.loc.gov/standards/marcxml/schema/MARC21slim.xsd"
    xmlns="http://www.loc.gov/MARC21/slim">

  <leader>00508nam a2200181Ia 4500</leader>
  <controlfield tag="008">230718s9999    xx            000 0 und d</controlfield>
  <datafield tag="020" ind1=" " ind2=" ">
    <subfield code="a">9788126564491</subfield>
  </datafield>
  <datafield tag="041" ind1=" " ind2=" ">
    <subfield code="a">eng</subfield>
  </datafield>
  <datafield tag="082" ind1=" " ind2=" ">
    <subfield code="a">620.106</subfield>
    <subfield code="b">ELG</subfield>
  </datafield>
  <datafield tag="100" ind1=" " ind2=" ">
    <subfield code="a">Elger D.F.</subfield>
  </datafield>
  <datafield tag="245" ind1=" " ind2=" ">
    <subfield code="a">Engineering Fluid Mechanics SI Version</subfield>
  </datafield>
  <datafield tag="250" ind1=" " ind2=" ">
    <subfield code="a">10th ed.</subfield>
  </datafield>
  <datafield tag="260" ind1=" " ind2=" ">
    <subfield code="c">2017</subfield>
    <subfield code="b">Wiley</subfield>
  </datafield>
  <datafield tag="300" ind1=" " ind2=" ">
    <subfield code="a">673</subfield>
  </datafield>
  <datafield tag="365" ind1=" " ind2=" ">
    <subfield code="c">Rs.</subfield>
    <subfield code="b">799.00</subfield>
  </datafield>
  <datafield tag="700" ind1=" " ind2=" ">
    <subfield code="a">Elger D.F.; Williams B.C.; Crowe C.T. &amp; Roberson J.A.</subfield>
  </datafield>
  <datafield tag="906" ind1=" " ind2=" ">
    <subfield code="d">O:0371623-Jan-2017B:276817-Jan-2017</subfield>
    <subfield code="c">MECH</subfield>
    <subfield code="b">431.46</subfield>
  </datafield>
  <datafield tag="999" ind1=" " ind2=" ">
    <subfield code="c">344172</subfield>
    <subfield code="d">344172</subfield>
  </datafield>
  <datafield tag="952" ind1=" " ind2=" ">
    <subfield code="0">0</subfield>
    <subfield code="1">0</subfield>
    <subfield code="4">0</subfield>
    <subfield code="7">0</subfield>
    <subfield code="a">CCEP</subfield>
    <subfield code="b">CCEP</subfield>
    <subfield code="d">2017-01-25</subfield>
    <subfield code="e">Technical Book Services</subfield>
    <subfield code="f">MECH</subfield>
    <subfield code="g">583.27</subfield>
    <subfield code="i">2768</subfield>
    <subfield code="l">1</subfield>
    <subfield code="o">620.106</subfield>
    <subfield code="p">CCEP-BK-55379</subfield>
    <subfield code="r">2026-02-05 11:29:27</subfield>
    <subfield code="s">2026-01-22</subfield>
    <subfield code="t">431.46</subfield>
    <subfield code="v">799.00</subfield>
    <subfield code="w">2017-01-17</subfield>
    <subfield code="y">BK</subfield>
    <subfield code="z">055379</subfield>
  </datafield>
</record>
